Mixed Word: Things in the Fridge Quiz Stats

 Plays Quiz not verified by Sporcle

Challenge
Share
Tweet
Embed
Score 0/22 Timer 03:00
0 Plays Today
Mixed Word Thing in the Fridge % Correct
MAJJAM
99.5%
IPDDIP
98.6%
KILMMILK
98.4%
ANCOBBACON
93.6%
BREEBEER
88.9%
ECEHESCHEESE
86%
TIFURFRUIT
85.2%
KATESSTEAK
83.2%
WITHE INEWWHITE WINE
81.7%
TURBETBUTTER
81.5%
ALDAS SENDSRIGSALAD DRESSING
80.7%
Mixed Word Thing in the Fridge % Correct
AGONER CEIJUORANGE JUICE
75.5%
CHULN TAMESLUNCH MEATS
72.1%
DIPDUNGPUDDING
63.1%
USHMUMHUMMUS
59%
ANYONEAIMSMAYONNAISE
58.8%
TOPESPESTO
47.7%
COOLCHEATCHOCOLATE
47.3%
OMENDEALLEMONADE
41.8%
THEPUCKKETCHUP
40.7%
ADCRUSTCUSTARD
38.4%
BEAGLEVESTVEGETABLES
36.5%

You're not logged in!

Compare scores with friends on all Sporcle quizzes.
Join for Free
OR
Log In

You Might Also Like...

Show Comments

Extras

Top Quizzes Today


Score Distribution

Your Account Isn't Verified!

In order to create a playlist on Sporcle, you need to verify the email address you used during registration. Go to your Sporcle Settings to finish the process.

Report this User

Report this user for behavior that violates our Community Guidelines.

Details: